00507cam a2200169 a 4500020002800000041000800028082001700036100001900053245003100072250001300103260006000116300002400176650001700200942000700217952009600224999001700320 a0664254012 (alk. paper) aENG00a226.506bKYS1 aKysar, Robert.10aJohn, the maverick Gospel  aRev. ed. aLouisville, Ky. :bWestminster/John Knox Press,cc1993. ax, 157 p. :bill. ; aBible - John cBK 00104070aHMIbHMIcGENd2018-11-16l0o226.506 KYSp11003857r2026-01-16w2026-01-16yBK c22512d22512